| 000 | 00976nam a22001935i 4500 | ||
|---|---|---|---|
| 001 | 158351 | ||
| 003 | ES-MaACL | ||
| 005 | 20230906211115.0 | ||
| 008 | 020130s1875 sp |||| | spa d | ||
| 040 |
_aCAM _bspa _cCAM |
||
| 100 | 1 |
_aMacarro, Francisco. _9129281 |
|
| 245 | 1 | 3 |
_aEl San Antonio de Murillo _b: cuadro histórico en un acto y en verso / _cletra de Francisco Macarro ; música del maestro Angel Rubio. |
| 260 |
_aMadrid : _b[s.n.], _c1875 ( _fImprenta de José Rodríguez) |
||
| 300 |
_a27 p. ; _c19 cm. |
||
| 500 | 1 | _aEn port.: Estrenada en Madrid en el Teatro de Breton el dia 5 de noviembre de 1875. | |
| 596 | 1 | _aAl v. de port. consta : "... Administracion Lírico-Dramática de D. Eduardo Hidalgo..." | |
| 700 | 0 |
_aRubio, Angel. _9100337 |
|
| 852 |
_aES-MaACL _jF-8555(8) _q-- Recortado el pie de imp. _z-- Enc. pasta española _q-- Falto de la cub. original _z-- Enc. en un vol. facticio formando parte de la col. facticia "Teatro español moderno", v.7 |
||
| 999 |
_c158351 _d158351 |
||